| 000 | 00854aam a2200301 i 4500 | ||
|---|---|---|---|
| 001 | 768714001 | ||
| 003 | CO-MdFUSB | ||
| 005 | 20250528165825.0 | ||
| 007 | ta | ||
| 008 | 250528t1988 sp ||||| |||| 00| 0 spa d | ||
| 020 | _a84-293-0781-8 | ||
| 040 | _cCO-MdFUSB | ||
| 041 | 0 | _aspa | |
| 082 | 0 | 4 |
_223 _a248.4 _bV195e |
| 100 | 1 |
_aVallés, Carlos G. (Gonzales) (1925-) _eautor |
|
| 245 | 1 | 0 |
_aLigero de equipaje : _bTony de Mello, un profeta para nuestro tiempo _c/ Carlos G. Vallés |
| 250 | _aquinta edición | ||
| 264 | 1 |
_bSal Terrae, _aSantander, España : _c[1988] |
|
| 264 | 4 | _c©1988 | |
| 300 | _a226 páginas | ||
| 336 |
_atexto _btxt _2rdacontent |
||
| 337 |
_2rdamedia _asin mediación _bn |
||
| 338 |
_2rdacarrier _avolumen _bnc |
||
| 563 | _aRústico | ||
| 650 | 1 | 0 |
_aVida espiritual _951 |
| 942 | _cBK | ||
| 945 | _aElías Tolentino | ||
| 999 |
_c35999 _d35999 |
||